000 01175nam0a22002891 4500
001 rc\4164403
005 20250611114549.0
021 _aRU
_b[52-33446]
035 _a(NLR Aleph) 008178625
090 _a7900823
_c7900823
100 _a20130415d1952 |||y0rusy50 ca
101 0 _arus
102 _aRU
105 _aa z |||||
200 1 _aОрганизация самостоятельной работы студентов в высшей технической школе
_fПод ред. доц. Д.А. Троицкого
_gМ-во высш. образования СССР. Метод. упр.
210 _aМосква
_cСов. наука
_d1952
215 _a48 с.
_cдиагр.
_d19
300 _aПеред загл. авт.: проф. М.Г. Чиликин
606 _aСтуденты
_xСамостоятельная работа
_2psbo
700 1 _7ca
_8rus
_aЧиликин
_bМ. Г.
_f1909-1977
_gМихаил Григорьевич
_9240682
_3RU\NLR\AUTH\770240738
702 1 _aТроицкий
_bД.А.
_4340
801 0 _aRU
_bNLR
_gpsbo
801 1 _aRU
_bELAR
_2rusmarc
852 _aNLR
_jПр30 Г-4/1704
942 _cBOOK
980 _aNB